00903 a2200205 45000010006000000050017000060080041000230030015000640400040000790800051001192450065001702640029002353000011002645050226002759420007005015900036005081000032005449990015005769520106005915334220260407155807.0260407a1970 arg spa dAR-UNSa-BCEJYS aAR-UNSa-BCEJYSbspacAR-UNSa-BCEJYS a336.7xMoneda. Sistema monetario. Banca. Bolsa10aEstructura y funciones de la banca en los paises socialistas 1aBarcelona :bArielc1970 a207 p. a1. Funciones del sistema bancario en una economía socialista – 2. Estructura del sistema bancario socialista – 3. El banco del estado – 4. Bancos especiales – 5. Las cajas de ahorros – 6. Otras instituciones.  cBK aniveau_biblio:m niveau_hierar:01 aHernández Esteve, Esteban c5198d5198 00104070aBCEJYSbBCEJYSc16d2026-04-07l0o336.7 H557pL23785r2026-04-07 15:58:07w2026-04-07yL